000 00322nam a2200145Ia 4500
008 090124s9999 xx 000 0 und d
082 _b203084
245 _aAESOP'S FABLES
250 _a4
260 _bTHOMAS VERON
_c1987
300 _a81
630 _aAESOP'S FABLES
730 _aAESOP'S FABLES
942 _cBOOK
999 _c184665
_d184665